|
|
|
|
| LEADER |
01099nam a22002653u 4500 |
| 001 |
10100609 |
| 003 |
upatras |
| 005 |
20211005110705.0 |
| 008 |
991022s eng |
| 952 |
|
|
|0 0
|1 0
|2 ddc
|4 0
|6 519_550000000000000_BOX
|7 0
|8 NFIC
|9 121974
|a LISP
|b LISP
|c ALFe
|d 2016-04-24
|l 0
|o 519.55 BOX
|p 025000282434
|r 2016-04-24 00:00:00
|t 1
|w 2016-04-24
|y BK15
|x Μεταφορά από Τμ. Μηχανικών ΗΥ & Πληροφορικής
|
| 999 |
|
|
|c 80538
|d 80538
|
| 020 |
|
|
|a 0130607746
|
| 040 |
|
|
|a Βιβλιοθήκη ΕΑΙΤΥ
|c Βιβλιοθήκη ΕΑΙΤΥ
|
| 041 |
0 |
|
|a eng
|
| 245 |
1 |
0 |
|a Time series analysis
|b Forecasting and control
|
| 250 |
|
|
|a rev.
|
| 260 |
|
|
|a Oakland
|a California
|b Holden Day
|c c1994
|
| 300 |
|
|
|a xxi, 575p.
|b fig.
|
| 500 |
|
|
|a βιβλιογραφικες αναφορες: σσ. 538-543
|
| 650 |
|
4 |
|a MATHEMATICS
|9 113018
|
| 650 |
|
4 |
|a Ανάλυση χρονολογικών σειρών
|9 1248
|
| 700 |
1 |
|
|a Box, George E. P.
|4 aut
|9 383
|
| 700 |
1 |
|
|a Jenkins, Gwilym M.
|4 aut
|9 42865
|
| 852 |
|
|
|a GR-PaULI
|b ΠΑΤΡΑ
|b ΤΜΗΥΠ
|h 519.55 BOX
|t 1
|
| 942 |
|
|
|2 ddc
|c BK15
|